| 000 | 01093nam a22003491 4500 | ||
|---|---|---|---|
| 001 | sjds215772 | ||
| 003 | sjds | ||
| 005 | 20190115181356.0 | ||
| 008 | 150119t19931993||||||||||||||||| ||||||| | ||
| 020 | _a0590474278 (pbk.) : | ||
| 020 | _a9780590474276 (pbk.) | ||
| 040 |
_dUtOrBLW _csjds |
||
| 041 | _aspa | ||
| 099 | _aSPA E AAR | ||
| 999 |
_c21796 _d21796 |
||
| 999 | _bSPA E AAR | ||
| 100 | 1 | _aAardema, Verna. | |
| 245 | 1 | 0 | _aBorreguita y el coyote : un cuento de Ayutla, Mexico. |
| 260 |
_aNew York : _bScholastic Inc. : _cc1993 |
||
| 264 | 1 |
_aNew York : _bScholastic Inc. : _c[1993] |
|
| 264 | 4 | _cc1993 | |
| 300 |
_a29 pages : color illustrations ; _c21 cm |
||
| 336 |
_atext _btxt _2rdacontent |
||
| 337 |
_aunmediated _bn _2rdamedia |
||
| 338 |
_avolume _bnc _2rdacarrier |
||
| 500 | _aReading Rainbow book. | ||
| 650 | 0 |
_aFolklore _zMexico _vJuvenile literature. |
|
| 650 | 0 |
_aSpanish language materials _vJuvenile literature. |
|
| 655 | 7 |
_aReading Rainbow book. _2local |
|
| 700 | 1 | _aMathers, Petra. | |
| 740 | 0 | _aBorreguita and the coyote : a tale from Ayutla, Mexico. Spanish. | |
| 942 | _cBK | ||